000 00848cab a2200277 4500
001 ABS53888
008 090401t1995 xxu||||| |||| 00| 0 eng d
035 _a(Sirsi) u7174
041 _aeng
245 _aOrders plummet
260 _c1995
350 _a0
490 _aNew Civil Engineer
_v26 October 1995, 26-27(2)
520 _aThe latest EC Harris/NCE Index of labour plant and materials and tender prices index to 3Q 95 which reports on rather bleak prospects for the future.
650 _aBUILT ENVIRONMENT-BUILDING MATERIALS
650 _aCOST INDICES
650 _aEC HARRIS
650 _aFORECASTS
650 _aLABOUR COSTS
650 _aNEW CIVIL ENGINEER INDEX
650 _aPLANT COSTS
650 _aBCIS ALL-IN TENDER PRICE INDEX
690 _aBUILT ENVIRONMENT-BUILDING COSTS
942 _n0
948 _c04/03/1997
999 _c4297
_d4297